[Event "Mondariz op 9th"]
[Site "Mondariz Balneario"]
[Date "2011.08.22"]
[Round "1.2"]
[White "Leiros Vila, Avelino"]
[Black "Torrado Bea, Francisco Ramon"]
[Result "1-0"]
[WhiteElo "2189"]
[BlackElo "1790"]
[PlyCount "91"]
[EventDate "2011.08.22"]
[EventType "swiss"]
[EventRounds "7"]
[EventCountry "ESP"]
[SourceTitle "EXT 2024"]
[Source "ChessBase"]
[SourceDate "2023.10.10"]
[SourceVersion "1"]
[SourceVersionDate "2023.10.10"]
[SourceQuality "1"]

1. c4 e6 2. g3 Nf6 3. Bg2 c6 4. Nf3 Be7 5. 0-0 d5 6. b3 0-0 7. Bb2 Ne4 8. d3 Bf6 9. Bxf6 Qxf6 10. Na3 Nd6 11. c5 Nf5 12. e4 Ne7 13. e5 Qh6 14. Nc2 Nd7 15. d4 f6 16. Ne3 fxe5 17. Ng4 Qh5 18. Nfxe5 Qe8 19. f4 Nf5 20. Re1 Nf6 21. Nxf6+ gxf6 22. Ng4 Qg6 23. Ne3 Bd7 24. Nxf5 Qxf5 25. Bf3 Qg6 26. Bh5 Qh6 27. Re3 f5 28. Qe2 Be8 29. Bf3 Bf7 30. Kh1 Qg6 31. Rg1 Kh8 32. Re5 h5 33. Qg2 Rg8 34. Qh3 Rg7 35. Qh4 Rag8 36. Qe7 Rh7 37. h4 Rhg7 38. Qg5 Qh7 39. Qf6 Re8 40. Kh2 Kg8 41. Re3 Rg6 42. Qe5 Qg7 43. Bxh5 Rf6 44. g4 fxg4 45. Rxg4 Bg6 46. Bxg6 1-0